Design of Business : Why Design Thinking is the Next Competitive Advantage (Record no. 358042)

MARC details
000 -LEADER
fixed length control field 00738nam a22001817a 4500
005 - DATE AND TIME OF LATEST TRANSACTION
control field 20240607112826.0
008 - FIXED-LENGTH DATA ELEMENTS--GENERAL INFORMATION
fixed length control field 240531b |||||||| |||| 00| 0 eng d
020 ## - INTERNATIONAL STANDARD BOOK NUMBER
International Standard Book Number 9781422177808
041 ## - LANGUAGE CODE
Language code of text/sound track or separate title English
082 ## - DEWEY DECIMAL CLASSIFICATION NUMBER
Classification number 745.4
Item number MAR
100 ## - MAIN ENTRY--PERSONAL NAME
Author Martin Roger
245 ## - TITLE STATEMENT
Title Design of Business : Why Design Thinking is the Next Competitive Advantage
260 ## - PUBLICATION, DISTRIBUTION, ETC.
Place of publication, distribution, etc. Boston
Name of publisher, distributor, etc. Harvard Business Press
Date of publication, distribution, etc. 2009
300 ## - PHYSICAL DESCRIPTION
Extent 191
520 ## - SUMMARY, ETC.
Summary, etc. . The Science and Art of Business<br/> 2. Reliability versus Validity<br/> 3. The Competitive Advantage of Design Thinking <br/>4. The Design of Procter & Gamble <br/>5. Organizational Implications<br/> 6. Implications for Leadership <br/>7. Implications for You<br/><br/><br/>
650 ## - SUBJECT ADDED ENTRY--TOPICAL TERM
Topical term or geographic name entry element Design
942 ## - ADDED ENTRY ELEMENTS (KOHA)
Koha item type Donated Book
Holdings
Withdrawn status Lost status Source of classification or shelving scheme Damaged status Not for loan Home library Current library Date acquired Vendor Total Checkouts Full call number Barcode Date last seen Date last checked out Actual Price Koha item type Original Barcode
    Dewey Decimal Classification     School of Fashion Technology School of Fashion Technology 18/05/2024 Aditi Rane 1 745.6 MAR SOFT-BK-D98 07/01/2025 03/01/2025 1.00 Donated Book D98